000 00752nam a2200229 u 4500
005 20220526063415.0
008 101012s2006 r 000 0 eng d
020 _a9583021326
035 _aUPN01000178144
049 _aI
050 4 _aPZ78
_bL4.2
100 1 _aLe Gloahec, Francoise
245 1 4 _aUna bruja fuera de lo común /
_cFrancoise Le Gloahec ; il. Francois Ruyer ; tr. Sandra Olivera.
260 _aBogota :
_bPanamericana,
_c2006.
300 _a28 p. :
_bprincipalmente il. col.
440 0 _aGolpe de corazón
534 _pTítulo original :
_tUne sorciére pas ordinaire
650 0 _aCuentos infantiles franceses
_98588
650 4 _aBRUJAS -
_vLITERATURA INFANTIL
_94409
700 1 _aRuyer, Francois,
_eil.
905 _aInfantil
999 _c150247
_d150247